Statistics for Most Guessed Countries Bordering Each Other

Click here to take the quiz!

General Stats

  • This quiz has been taken 3,626 times
    (2,792 since last reset)
  • The average score is 20 of 23

Answer Stats

Country% Correct
Canada
98%
China
98%
Russia
98%
United States
98%
France
97%
Mexico
97%
Spain
96%
Germany
95%
United Kingdom
94%
India
92%
Ireland
90%
Italy
89%
Brazil
86%
Portugal
85%
Argentina
82%
Poland
82%
Mongolia
80%
Switzerland
78%
Chile
76%
North Korea
76%
Finland
72%
Norway
63%
Pakistan
58%

Score Distribution

Percentile by Number Answered

Percent of People with Each Score

Your Score History

You have not taken this quiz since the last reset